000 00528nam a2200205Ia 4500
005 20250326143119.0
008 250326s9999 xx 000 0 und d
020 _a0-07-2333542-4
037 _aTextbook
040 _aFMSL
_beng
_cFMSL
041 _aeng
_2eng
084 _aXobB P3
_qFMSL
100 _aGujarati D N
245 0 _aBasic econometrics
_cGujarati D N
250 _a4
260 _aNew York
_bNew York, McGraw-Hill
_c2003
300 _a976p
942 _cTB
_hXobB P3
999 _c1298157
_d1298157